000 00713nam a22002052 4500
001 0000012680
005 20151217155852.0
008 090309s xx 000 0 eng d
020 _a9211314151 :
040 _aKABU
_cKABU
110 2 _aAfrican Forum on Urban Poverty.
_@0000169568
245 1 0 _aProceedings of the Regional Workshop on Mainstreaming Urban Poverty Reduction in Sub-Saharan Africa 21-24 September 1998 Nairobi, Kenya.
250 _a1st ed.
260 _aNairobi :
_bHabitat,
_c1998.
300 _avii, 95 p.
650 0 _aUrban poor
_xCongresses
_zAfrica, Sub-Saharan.
_@0000169569
852 1 _9p200 KES
908 _a090309
950 _@1
999 _c13507
_d13507